01200 a2200193 450000100060000002000180000604100080002408200180003210000200005030000100007049000160008052007690009652100110086583000160087685600240089204000250091624500340094126000310097550087 a9788526015951 apor aAP Year 1 028 aFrança, Mary. a18 p. aPega e Lê aEm um campo, um bode pasta calmamente. Alguns bichos, entre eles um javali, uma raposa e um jabuti, aproximam-se para ver a cena. O mais curioso é que os três se espantam com o que veem. – Nossa! Nunca vi um bode azul! – exclama o javali. Nossa! Nunca vi um bode rosa! – exclama a raposa. Nossa! Nunca vi um bode amarelo! – surpreende-se o jabuti. Afinal, o bode era azul, rosa ou amarelo? Por que será que cada um via de um modo diferente? A confusão e a surpresa não param por aí. Outros animais chegam ao pasto e enxergam outros animais de cores bem diferentes do que seria normal. Uma história criativa em que a riqueza da linguagem visual dialoga em perfeita harmonia com as frases bem construídas, na medida certa para o jovem leitor. aYear 1 aPega e Lê u000007/00000794.jpg aBR-BrIDEAcBR-BrIDEA10aDe cor em corc Mary França aSão PaulobGlobalc2011